National biodiversity planning : (Record no. 33375)
[ view plain ]
| 000 -LEADER | |
|---|---|
| fixed length control field | 01650cam a2200349 a 4500 |
| 001 - CONTROL NUMBER | |
| control field | 1146256 |
| 005 - DATE AND TIME OF LATEST TRANSACTION | |
| control field | 20240318183302.0 |
| 008 - FIXED-LENGTH DATA ELEMENTS--GENERAL INFORMATION | |
| fixed length control field | 950522s1995 dcua b i000 0 eng d |
| 010 ## - LIBRARY OF CONGRESS CONTROL NUMBER | |
| LC control number | 95061095 |
| 020 ## - INTERNATIONAL STANDARD BOOK NUMBER | |
| International Standard Book Number | 1569730253 |
| 035 ## - SYSTEM CONTROL NUMBER | |
| System control number | (OCoLC)32883098 |
| 040 ## - CATALOGING SOURCE | |
| Original cataloging agency | DOPI |
| Transcribing agency | DOPI |
| Modifying agency | NNM |
| -- | DLC |
| 042 ## - AUTHENTICATION CODE | |
| Authentication code | lccopycat |
| 050 04 - LIBRARY OF CONGRESS CALL NUMBER | |
| Classification number | QH75 |
| Item number | .N296 1995 |
| 082 ## - DEWEY DECIMAL CLASSIFICATION NUMBER | |
| Classification number | 333.95 |
| Item number | NAT |
| 090 ## - LOCALLY ASSIGNED LC-TYPE CALL NUMBER (OCLC); LOCAL CALL NUMBER (RLIN) | |
| -- | 33375 |
| -- | 33374 |
| 245 00 - TITLE STATEMENT | |
| Title | National biodiversity planning : |
| Remainder of title | guidelines based on early experiences around the world / |
| 260 ## - PUBLICATION, DISTRIBUTION, ETC. | |
| Place of publication, distribution, etc. | [Washington, D.C.] : |
| Name of publisher, distributor, etc. | World Resources Institute in cooperation with United Nations Environment Programme, the World Conservation Union, |
| Date of publication, distribution, etc. | 1995. |
| 300 ## - PHYSICAL DESCRIPTION | |
| Extent | xiii, 161 p. : |
| Other physical details | ill. ; |
| Dimensions | 28 cm. |
| 500 ## - GENERAL NOTE | |
| General note | "This report was the product of a cooperative effort headed by Kenton R. Miller and Steven M. Lanou of the World Resources Institute, in collaboration with the United Nations Environment Programme (UNEP) and the World Consevation Union (IUCN)"--P. ix. |
| 504 ## - BIBLIOGRAPHY, ETC. NOTE | |
| Bibliography, etc. note | Includes bibliographical references (p. 159-161). |
| 650 #0 - SUBJECT ADDED ENTRY--TOPICAL TERM | |
| Topical term or geographic name entry element | Biodiversity conservation |
| General subdivision | Management. |
| 9 (RLIN) | 58780 |
| 650 #0 - SUBJECT ADDED ENTRY--TOPICAL TERM | |
| Topical term or geographic name entry element | Biodiversity. |
| 9 (RLIN) | 24124 |
| 700 1# - ADDED ENTRY--PERSONAL NAME | |
| Personal name | Miller, Kenton. |
| 9 (RLIN) | 58781 |
| 700 1# - ADDED ENTRY--PERSONAL NAME | |
| Personal name | Lanou, Steven M. |
| 9 (RLIN) | 58782 |
| 710 2# - ADDED ENTRY--CORPORATE NAME | |
| Corporate name or jurisdiction name as entry element | World Resources Institute. |
| 9 (RLIN) | 58783 |
| 710 2# - ADDED ENTRY--CORPORATE NAME | |
| Corporate name or jurisdiction name as entry element | United Nations Environment Programme. |
| 9 (RLIN) | 22268 |
| 710 2# - ADDED ENTRY--CORPORATE NAME | |
| Corporate name or jurisdiction name as entry element | International Union for Conservation of Nature and Natural Resources. |
| 9 (RLIN) | 49129 |
| 906 ## - LOCAL DATA ELEMENT F, LDF (RLIN) | |
| a | 7 |
| b | cbc |
| c | copycat |
| d | 2 |
| e | opcn |
| f | 19 |
| g | y-gencatlg |
| 942 ## - ADDED ENTRY ELEMENTS (KOHA) | |
| Source of classification or shelving scheme | Dewey Decimal Classification |
| Koha item type | Book |
| Withdrawn status | Lost status | Source of classification or shelving scheme | Damaged status | Not for loan | Home library | Current library | Date acquired | Total Checkouts | Full call number | Barcode | Date last seen | Price effective from | Koha item type |
|---|---|---|---|---|---|---|---|---|---|---|---|---|---|
| Dewey Decimal Classification | Archbishop Kiwanuka Memorial Library | Archbishop Kiwanuka Memorial Library | 28/02/2013 | 333.95 NAT | 40726 | 23/04/2025 | 28/02/2013 | Book |